| 000 | 00816nam a22001697a 4500 | ||
|---|---|---|---|
| 003 | UA-OsUOA | ||
| 001 | 13606 | ||
| 007 | ta | ||
| 008 | 20030610b un ||||| |||| 00| 0 ukr d | ||
| 942 | _cSA | ||
| 040 |
_aUA-OsUOA _cUA-OsUOA _dUA-OsUOA |
||
| 245 |
_aЗустріч в ЗАТ "Консюмерс - Скло-Зоря" _b[Зустріч голови Держ. податкової адміністрації в Рівнен. обл. С. Джигалова і начальника ДПІ у Рівнен. р-ні Б. Зорія з керівництвом та труд. колективом ЗАТ "Консюмерс -Скло - Зоря" |
||
| 300 | _aС.1 | ||
| 955 | _a0 | ||
| 773 | 0 |
_w0 _tВісті Рівненщини _dРівне _d2003 _g№42/43 |
|
| 650 | 7 |
_aКраєзнавча робота _2UDC |
|
| 999 |
_c299767 _d299767 |
||